| 000 | 00825nam a22001817a 4500 | ||
|---|---|---|---|
| 999 |
_c61103 _d61103 |
||
| 005 | 20231219155726.0 | ||
| 008 | 231219s1991 ru ||||| |||| 00| 0 rus d | ||
| 041 | _arus | ||
| 080 | _a903.02(479.22)+903.23(479.22) Н-28 | ||
| 100 |
_aНариманишвили, Г. _920790 |
||
| 245 |
_aКерамика Картли : _bV-I вв. до нашей эры / _c Г. Нариманишвили; Центр археол. исследований. |
||
| 264 |
_aТбилиси : _bМецниереба, _c1991. |
||
| 300 |
_a188 с. : _bил. ; _c19 см. |
||
| 653 | _aკერამიკის წარმოება საქართველოში | ||
| 653 | _aარქეოლოგია | ||
| 710 |
_aЦентр археологических исследований. _920791 |
||
| 942 |
_2udc _cᲬᲘᲒᲜᲘ |
||